00626 2200205 4500001002100000005001700021008004100038035002400079082001500103090002700118110006000145245005700205260005200262300002300314650003400337850001500371980001300386985000600399999001500405YOGYA-0209000003939220090227025452.0 ind  0010-020900000039392 a349.598 23 a349.598 23bYog LlYOG aYOGYAKARTA. Daerah Istimewa (Peraturan-Peraturan, dsb.) aLembaran dan Tambahan Lembaran Daerah DIY tahun 1976 aYogyakartabBiro Hukum Sekretariat Daerahc1976 a350, 51 hlmc21 cm aPeraturan Daerah - Yogyakarta aYOPDYOG(B) a21-01-08 a1 a07A0028285